Úvod k tvorbe vnútropodnikových predpisov
Vnútropodnikové predpisy ako písomné normatívne akty, ktoré usmerňujú konkrétne činnosti v podniku, ktoré sa pravidelne opakujú alebo sa týkajú určitej jednorazovej, neopakujúcej sa skutočnosti. Členíme ich na poriadky, smernice, metodické pokyny, rozhodnutia, opatrenia, príkazy, oznámenia. Všetky p...
Na minha lista:
| Formato: | Capítulo de Livro |
|---|---|
| Idioma: | eslovaco |
| Assuntos: | |
| Tags: |
Sem tags, seja o primeiro a adicionar uma tag!
|
MARC
| LEADER | 00000naa$a2200000$$$4500 | ||
|---|---|---|---|
| 001 | 0006249 | ||
| 005 | 20230919094131.1 | ||
| 041 | 0 | |a slo | |
| 044 | |a SK | ||
| 245 | 1 | 0 | |a Úvod k tvorbe vnútropodnikových predpisov |
| 520 | |a Vnútropodnikové predpisy ako písomné normatívne akty, ktoré usmerňujú konkrétne činnosti v podniku, ktoré sa pravidelne opakujú alebo sa týkajú určitej jednorazovej, neopakujúcej sa skutočnosti. Členíme ich na poriadky, smernice, metodické pokyny, rozhodnutia, opatrenia, príkazy, oznámenia. Všetky predpisy sú súčasťou riadiaceho a kontrolného systému podniku a slúžia aj pre potreby účtovníctva. Prezentácia najdôležitejších vnútropodnikových predpisov, v podobe vypracovaných konkrétnych vzorov vo fiktívnom podniku. | ||
| 610 | 2 | 0 | |a podnik |
| 610 | 2 | 0 | |a predpisy |
| 610 | 2 | 0 | |a riadenie podnikové |